00494nam a22001697c 4500003000400000005001700004008004100021017002100062020001800083040002400101100002000125245006700145260004800212300002000260650002600280650001800306OSt20200608161436.0200429s2014 sp ||||| 000 0 spa|d aDL M. 13776-2014 a9788473566520 aES-BaCBUbcatcCDMR1 aJiménez, Chal10aMarca la diferencia b: porque tú lo vales /cChal Jiménez aPozuelo de Alarcón, Madrid :bESIC,c2014 a206 p. ;c22 cm04aMàrqueting personal07aÈxit2lemac